| 000 | 00567nam a2200169Ia 4500 | ||
|---|---|---|---|
| 008 | 140925s9999 xx 000 0 und d | ||
| 020 | _a0827-3383 | ||
| 245 | 4 |
_aThe International Journal of Special Education / _h[electronic resource] |
|
| 260 |
_bInternational Journal of Special Education, _cc2002. |
||
| 516 | _aElectronic text | ||
| 650 | _aJournal. | ||
| 650 | _aSpecial Education. | ||
| 830 | _aInternational Journal of Special Education | ||
| 856 | _uhttp://www.internationaljournalofspecialeducation.com/ | ||
| 942 | _cEJ | ||
| 999 |
_c275726 _d275726 |
||